[Event "Ruhrgebiet Regionalliga 1819"]
[Site "Nordrheinwestfalen"]
[Date "2019.03.03"]
[Round "8.1"]
[White "Schuette, Tobias"]
[Black "Loyen, Egbert"]
[Result "1/2-1/2"]
[WhiteElo "2035"]
[BlackElo "2189"]
[PlyCount "69"]
[EventDate "2018.09.02"]
[EventType "team-tourn"]
[EventRounds "11"]
[EventCountry "GER"]
[SourceTitle "EXT 2022"]
[Source "ChessBase"]
[SourceDate "2021.10.06"]
[SourceVersion "1"]
[SourceVersionDate "2021.10.06"]
[SourceQuality "1"]
[WhiteTeam "Eichlinghofen SV"]
[BlackTeam "Borbeck Weisse Dame"]
[WhiteTeamCountry "GER"]
[BlackTeamCountry "GER"]

1. f4 g6 2. Nf3 Bg7 3. g3 d5 4. Bg2 c6 5. 0-0 Qb6+ 6. Kh1 Bxb2 7. Bxb2 Qxb2 8. Nc3 Nf6 9. Rb1 Qa3 10. Rb3 Qa5 11. Qe1 Nbd7 12. Ne5 Nc5 13. Rb2 Qa3 14. Nd1 h5 15. Rf3 Qa5 16. c4 Be6 17. Nf2 dxc4 18. e4 Qc7 19. d4 cxd3 20. Nfxd3 Nxd3 21. Rxd3 0-0 22. h3 Rfd8 23. Qe3 Rxd3 24. Nxd3 Kh7 25. Nc5 b6 26. Nxe6 fxe6 27. Qb3 Qd7 28. f5 gxf5 29. exf5 Rd8 30. Kh2 Qd6 31. Re2 Rg8 32. Rxe6 Qc7 33. Qe3 Rg7 34. Rxc6 Qb8 35. Qf4 1/2-1/2

[Event "Ruhrgebiet Regionalliga 1819"]
[Site "Nordrheinwestfalen"]
[Date "2018.10.28"]
[Round "3.2"]
[White "Villwock, Martin"]
[Black "Schuette, Tobias"]
[Result "1-0"]
[WhiteElo "2119"]
[BlackElo "2035"]
[PlyCount "69"]
[EventDate "2018.09.02"]
[EventType "team-tourn"]
[EventRounds "11"]
[EventCountry "GER"]
[SourceTitle "EXT 2022"]
[Source "ChessBase"]
[SourceDate "2021.10.06"]
[SourceVersion "1"]
[SourceVersionDate "2021.10.06"]
[SourceQuality "1"]
[WhiteTeam "Essen Katernberg II"]
[BlackTeam "Eichlinghofen SV"]
[WhiteTeamCountry "GER"]
[BlackTeamCountry "GER"]

1. e4 e6 2. d4 d5 3. Nc3 Nf6 4. e5 Nfd7 5. f4 c5 6. Nf3 Nc6 7. Be3 cxd4 8. Nxd4 a6 9. Qd2 Qc7 10. Be2 Na5 11. a3 Nc4 12. Qc1 b5 13. 0-0 Bb7 14. Nd1 Bc5 15. c3 0-0 16. Bd3 Rfe8 17. Qc2 Nf8 18. Qe2 f6 19. exf6 gxf6 20. Rf3 Re7 21. Bf2 Rae8 22. Rg3+ Rg7 23. Rxg7+ Qxg7 24. Nf5 Bxf2+ 25. Nxf2 exf5 26. Qxe8 d4 27. Bxc4+ bxc4 28. g3 d3 29. Re1 Qf7 30. Qxf7+ Kxf7 31. Nd1 Ne6 32. Ne3 Bf3 33. Kf2 Bh5 34. Nxc4 Nc5 35. Nd2 1-0

[Event "Ruhrgebiet Regionalliga 1819"]
[Site "Nordrheinwestfalen"]
[Date "2018.09.02"]
[Round "1.2"]
[White "Buchenthal, Dieter"]
[Black "Schuette, Tobias"]
[Result "1-0"]
[WhiteElo "2111"]
[BlackElo "2035"]
[PlyCount "51"]
[EventDate "2018.09.02"]
[EventType "team-tourn"]
[EventRounds "11"]
[EventCountry "GER"]
[SourceTitle "EXT 2022"]
[Source "ChessBase"]
[SourceDate "2021.10.06"]
[SourceVersion "1"]
[SourceVersionDate "2021.10.06"]
[SourceQuality "1"]
[WhiteTeam "Wattenscheid SV II"]
[BlackTeam "Eichlinghofen SV"]
[WhiteTeamCountry "GER"]
[BlackTeamCountry "GER"]

1. Nf3 f5 2. d3 d6 3. e4 e5 4. exf5 Bxf5 5. d4 e4 6. Bg5 Be7 7. Nh4 Be6 8. Qh5+ g6 9. Bxe7 Nxe7 10. Qh6 Nbc6 11. Bb5 a6 12. Bxc6+ Nxc6 13. Nc3 d5 14. f3 Nxd4 15. 0-0-0 Qf6 16. fxe4 0-0-0 17. e5 Qxe5 18. Rhe1 Qf6 19. Rxd4 Qxd4 20. Rxe6 Qg1+ 21. Nd1 Qxh2 22. Qg5 Qg1 23. Re3 Qf1 24. Nf3 Qc4 25. Ne5 Qxa2 26. Ra3 1-0

[Event "Ruhrgebiet Verbandsliga Gruppe 1 1718"]
[Site "Germany"]
[Date "2018.02.04"]
[Round "6.2"]
[White "Schuette, Tobias"]
[Black "Lenz, Guntram"]
[Result "1/2-1/2"]
[WhiteElo "2001"]
[BlackElo "1952"]
[PlyCount "47"]
[EventDate "2017.09.17"]
[EventType "team-tourn"]
[EventRounds "9"]
[EventCountry "GER"]
[SourceTitle "EXT 2022"]
[Source "ChessBase"]
[SourceDate "2021.10.06"]
[SourceVersion "1"]
[SourceVersionDate "2021.10.06"]
[SourceQuality "1"]
[WhiteTeam "Eichlinghofen SV"]
[BlackTeam "Boenen SV"]
[WhiteTeamCountry "GER"]
[BlackTeamCountry "GER"]

1. e4 c5 2. Nf3 e6 3. d4 cxd4 4. c3 d5 5. e5 Nc6 6. cxd4 Qb6 7. Bd3 Bd7 8. 0-0 Nxd4 9. Nxd4 Qxd4 10. Nc3 a6 11. Be3 Qxe5 12. Re1 Nf6 13. Qd2 d4 14. Bxd4 Qxd4 15. Rad1 Bb4 16. Rxe6+ Kf8 17. Re3 Rc8 18. Rg3 Bxc3 19. bxc3 Rxc3 20. Qg5 Bg4 21. Be2 Rc5 22. Rxd4 Rxg5 23. Bxg4 g6 24. h4 1/2-1/2

[Event "Ruhrgebiet Verbandsliga Gruppe 1 1617"]
[Site "Germany"]
[Date "2017.04.30"]
[Round "9.2"]
[White "Ahling, Michael"]
[Black "Schuette, Tobias"]
[Result "1-0"]
[WhiteElo "2107"]
[BlackElo "2016"]
[PlyCount "87"]
[EventDate "2016.09.04"]
[EventType "team-tourn"]
[EventRounds "9"]
[EventCountry "GER"]
[SourceTitle "EXT 2022"]
[Source "ChessBase"]
[SourceDate "2021.10.06"]
[SourceVersion "1"]
[SourceVersionDate "2021.10.06"]
[SourceQuality "1"]
[WhiteTeam "Horst Emscher"]
[BlackTeam "Eichlinghofen SV"]
[WhiteTeamCountry "GER"]
[BlackTeamCountry "GER"]

1. d4 Nf6 2. Nf3 c5 3. c3 e6 4. Bf4 d5 5. e3 Qb6 6. Qb3 Nc6 7. Nbd2 Qxb3 8. axb3 Bd7 9. h3 h6 10. Bd3 cxd4 11. exd4 Be7 12. b4 g5 13. Bh2 Nh5 14. b5 Nb8 15. h4 Nf4 16. Bf1 Bd6 17. Bg3 g4 18. Ne5 Bxe5 19. dxe5 Ng6 20. h5 Ne7 21. Bf4 Nf5 22. Be2 Rg8 23. Nf1 Ke7 24. Ne3 Nxe3 25. Bxe3 f6 26. exf6+ Kxf6 27. Bxh6 e5 28. Be3 a6 29. Kd2 Bf5 30. h6 Nd7 31. bxa6 bxa6 32. Rxa6+ Rxa6 33. Bxa6 Be4 34. Rh2 Nf8 35. Bd3 Bxd3 36. Kxd3 Nh7 37. g3 Ke6 38. b4 e4+ 39. Kc2 Kd6 40. Rh1 Ra8 41. Kb3 Kc6 42. Bd4 Rf8 43. Ra1 Rf7 44. Ra6+ 1-0

[Event "Ruhrgebiet Verbandsklasse Gruppe 2 1516"]
[Site "Germany"]
[Date "2016.01.24"]
[Round "6.2"]
[White "Herud, Martin"]
[Black "Schuette, Tobias"]
[Result "1/2-1/2"]
[WhiteElo "1967"]
[BlackElo "2053"]
[PlyCount "81"]
[EventDate "2015.09.06"]
[EventType "team-tourn"]
[EventRounds "9"]
[EventCountry "GER"]
[SourceTitle "EXT 2022"]
[Source "ChessBase"]
[SourceDate "2021.10.06"]
[SourceVersion "1"]
[SourceVersionDate "2021.10.06"]
[SourceQuality "1"]
[WhiteTeam "Recklinghausen Laeufer Ost"]
[BlackTeam "Eichlinghofen SV"]
[WhiteTeamCountry "GER"]
[BlackTeamCountry "GER"]

1. e4 e6 2. Nf3 d5 3. Nc3 Nf6 4. e5 Nfd7 5. d4 c5 6. dxc5 Nc6 7. Bf4 Bxc5 8. Bd3 h6 9. Qd2 g5 10. Bg3 g4 11. Nh4 Ndxe5 12. 0-0 Be7 13. Bb5 Bxh4 14. Bxe5 Bf6 15. Rfe1 Kf8 16. Bxc6 bxc6 17. Qd4 Bxe5 18. Rxe5 Kg8 19. Qxg4+ Kh7 20. Qf4 Qf8 21. Rae1 f6 22. Rxe6 Bxe6 23. Rxe6 Re8 24. Qc7+ Kg6 25. Qxc6 Rxe6 26. Qxe6 Qe8 27. Qg4+ Kf7 28. g3 Qc6 29. Qh5+ Ke6 30. g4 Rd8 31. Ne2 Qc4 32. Qf5+ Ke7 33. Nf4 Rd6 34. Qh7+ Kd8 35. Qg8+ Kd7 36. Qf7+ Kc6 37. Qe8+ Kb7 38. Qe7+ Kc6 39. Qe8+ Kb7 40. Qe7+ Kc6 41. Qe8+ 1/2-1/2

[Event "Ruhrgebiet Verbandsklasse Gruppe 2 1516"]
[Site "Germany"]
[Date "2015.09.27"]
[Round "2.2"]
[White "Schuette, Tobias"]
[Black "Butschek, Marc"]
[Result "1-0"]
[WhiteElo "2053"]
[BlackElo "1988"]
[PlyCount "61"]
[EventDate "2015.09.06"]
[EventType "team-tourn"]
[EventRounds "9"]
[EventCountry "GER"]
[SourceTitle "EXT 2022"]
[Source "ChessBase"]
[SourceDate "2021.10.06"]
[SourceVersion "1"]
[SourceVersionDate "2021.10.06"]
[SourceQuality "1"]
[WhiteTeam "Eichlinghofen SV"]
[BlackTeam "Bochum SG IV"]
[WhiteTeamCountry "GER"]
[BlackTeamCountry "GER"]

1. d4 f5 2. Bg5 Nf6 3. Bxf6 exf6 4. e3 d5 5. c4 c6 6. Nc3 Be6 7. cxd5 Bxd5 8. Nge2 Bb4 9. a3 Bxc3+ 10. bxc3 Qa5 11. Qc2 Bc4 12. Nf4 Bxf1 13. Kxf1 0-0 14. h4 Rf7 15. h5 Nd7 16. Kg1 c5 17. Rb1 Nb6 18. Qxf5 Qxa3 19. h6 g6 20. Nxg6 Qxc3 21. dxc5 Na4 22. Rh5 Qxc5 23. Qg4 Qc2 24. Ne7+ Kh8 25. Rxb7 Re8 26. Rg5 Rfxe7 27. Rxe7 Qb1+ 28. Kh2 Qb8+ 29. g3 Rxe7 30. Rg7 Re5 31. Rxh7+ 1-0

[Event "Ruhrgebiet Verbandsklasse Gruppe 3 1415"]
[Site "Germany"]
[Date "2015.03.29"]
[Round "8.2"]
[White "Schuette, Tobias"]
[Black "Schaller, Fabian"]
[Result "1-0"]
[WhiteElo "2017"]
[BlackElo "1870"]
[PlyCount "87"]
[EventDate "2014.09.21"]
[EventType "team-tourn"]
[EventRounds "9"]
[EventCountry "GER"]
[SourceTitle "EXT 2022"]
[Source "ChessBase"]
[SourceDate "2021.10.06"]
[SourceVersion "1"]
[SourceVersionDate "2021.10.06"]
[SourceQuality "1"]
[WhiteTeam "Eichlinghofen SV"]
[BlackTeam "Welper SV II"]
[WhiteTeamCountry "GER"]
[BlackTeamCountry "GER"]

1. d4 Nf6 2. Bg5 e6 3. e4 d6 4. Nc3 Be7 5. h4 0-0 6. Bd3 Nbd7 7. Nf3 e5 8. Qe2 c6 9. 0-0-0 Qc7 10. g4 a5 11. d5 Nc5 12. Bxf6 Bxf6 13. g5 Be7 14. Rdg1 Bd7 15. h5 Rab8 16. Nh4 Qd8 17. f4 Nxd3+ 18. Qxd3 exf4 19. Nf3 Qb6 20. Re1 Bg4 21. g6 h6 22. gxf7+ Rxf7 23. e5 Bxf3 24. e6 Rff8 25. Qxf3 Rbe8 26. Rhg1 Bf6 27. Rg4 Re7 28. Kb1 cxd5 29. Rxf4 Ree8 30. Qxd5 Kh8 31. Na4 Qc6 32. Qxa5 d5 33. Qb6 Qxb6 34. Nxb6 Bg5 35. Rxf8+ Rxf8 36. Nxd5 Kh7 37. c4 Re8 38. Re5 Bh4 39. Kc2 Bg3 40. Re4 Bd6 41. b4 Kg8 42. c5 Bg3 43. Kd3 Bh2 44. Kc4 1-0

[Event "Ruhrgebiet Verbandsklasse Gruppe 3 1415"]
[Site "Germany"]
[Date "2015.03.01"]
[Round "7.2"]
[White "Heisterkamp, Oliver"]
[Black "Schuette, Tobias"]
[Result "1-0"]
[WhiteElo "1996"]
[BlackElo "2017"]
[PlyCount "83"]
[EventDate "2014.09.21"]
[EventType "team-tourn"]
[EventRounds "9"]
[EventCountry "GER"]
[SourceTitle "EXT 2022"]
[Source "ChessBase"]
[SourceDate "2021.10.06"]
[SourceVersion "1"]
[SourceVersionDate "2021.10.06"]
[SourceQuality "1"]
[WhiteTeam "Osterfeld Schwarze Dame"]
[BlackTeam "Eichlinghofen SV"]
[WhiteTeamCountry "GER"]
[BlackTeamCountry "GER"]

1. Nf3 f5 2. b3 Nf6 3. Bb2 e6 4. g3 Be7 5. Bg2 0-0 6. 0-0 d6 7. c4 Qe8 8. Nc3 c6 9. d4 Qh5 10. e3 g5 11. Ne1 Qh6 12. Nd3 Bd7 13. Qd2 Be8 14. f4 d5 15. Rac1 Ne4 16. Nxe4 fxe4 17. fxg5 Rxf1+ 18. Rxf1 Bxg5 19. Nf4 Be7 20. Qe2 Bf7 21. cxd5 cxd5 22. Qb5 b6 23. h4 Bd6 24. Bh3 e5 25. dxe5 Bc5 26. Qe2 Nc6 27. e6 Bg6 28. Nxd5 Rf8 29. Rxf8+ Kxf8 30. Kh2 Bh5 31. g4 Bd6+ 32. Kg2 Qxe6 33. Nf6 Bf7 34. g5 Qe7 35. Qb5 Nd8 36. Nxh7+ Kg8 37. Nf6+ Kf8 38. Qf5 Be6 39. Nh7+ Ke8 40. Nf6+ Kf7 41. Qh7+ Kf8 42. Qh8+ 1-0

[Event "Ruhrgebiet Verbandsklasse Gruppe 3 1415"]
[Site "Germany"]
[Date "2015.01.18"]
[Round "5"]
[White "Herrmann, Uwe"]
[Black "Schuette, Tobias"]
[Result "0-1"]
[WhiteElo "1925"]
[BlackElo "2017"]
[PlyCount "70"]
[EventDate "2014.09.21"]
[EventType "team-tourn"]
[EventRounds "9"]
[EventCountry "GER"]
[SourceTitle "EXT 2022"]
[Source "ChessBase"]
[SourceDate "2021.10.06"]
[SourceVersion "1"]
[SourceVersionDate "2021.10.06"]
[SourceQuality "1"]
[WhiteTeam "Annen Sport Union"]
[BlackTeam "Eichlinghofen SV"]
[WhiteTeamCountry "GER"]
[BlackTeamCountry "GER"]

1. d4 Nf6 2. c4 c5 3. d5 b5 4. Qc2 bxc4 5. e4 d6 6. Bxc4 Nbd7 7. Nf3 g6 8. Nbd2 Bg7 9. h3 0-0 10. 0-0 Nb6 11. Bd3 Nh5 12. Re1 e6 13. dxe6 Bxe6 14. Nc4 Qc7 15. g4 Nf6 16. Bf4 Nxc4 17. Bxc4 Ne8 18. Rad1 Bxc4 19. Qxc4 Bxb2 20. Rd2 Rb8 21. Rxb2 Rxb2 22. Bh6 Rb4 23. Qc3 f6 24. Bxf8 Kxf8 25. a3 Rb7 26. g5 Qf7 27. gxf6 Rb3 28. Qd2 Rxf3 29. Qh6+ Kg8 30. e5 dxe5 31. Rxe5 Rxf6 32. Qe3 Nd6 33. Re7 Qd5 34. Qh6 Qd1+ 35. Kg2 Qf3+ 0-1

[Event "Ruhrgebiet Verbandsklasse Gruppe 3 1415"]
[Site "Germany"]
[Date "2014.10.19"]
[Round "2.2"]
[White "Fuest, Torsten"]
[Black "Schuette, Tobias"]
[Result "0-1"]
[WhiteElo "1925"]
[BlackElo "2017"]
[PlyCount "98"]
[EventDate "2014.09.21"]
[EventType "team-tourn"]
[EventRounds "9"]
[EventCountry "GER"]
[SourceTitle "EXT 2022"]
[Source "ChessBase"]
[SourceDate "2021.10.06"]
[SourceVersion "1"]
[SourceVersionDate "2021.10.06"]
[SourceQuality "1"]
[WhiteTeam "Boenen SV"]
[BlackTeam "Eichlinghofen SV"]
[WhiteTeamCountry "GER"]
[BlackTeamCountry "GER"]

1. d4 Nf6 2. Nf3 c5 3. c3 e6 4. Bf4 d5 5. e3 Nc6 6. Nbd2 Bd7 7. Bd3 cxd4 8. exd4 Be7 9. Ne5 Nxe5 10. dxe5 Ng8 11. Qg4 g5 12. h4 gxf4 13. Qg7 Bf6 14. exf6 Qxf6 15. Qg5 h6 16. Qh5 Ne7 17. Nf3 Rg8 18. Rg1 Nc6 19. 0-0-0 0-0-0 20. Bb5 Qg6 21. Qxg6 Rxg6 22. Bxc6 bxc6 23. Ne5 Rg7 24. Rd4 f6 25. Nxd7 Kxd7 26. Rxf4 Ke7 27. g3 e5 28. Ra4 Kd6 29. b4 Rdd7 30. Rd1 Rg4 31. Kc2 f5 32. Ra6 f4 33. b5 Rc7 34. c4 d4 35. Rd3 Kc5 36. Rxc6+ Rxc6 37. bxc6 Kxc6 38. Ra3 fxg3 39. fxg3 e4 40. Rxa7 Rxg3 41. Ra6+ Kc5 42. Rxh6 Kxc4 43. Rc6+ Kd5 44. Ra6 Rg2+ 45. Kd1 d3 46. Ra4 e3 47. Ra5+ Kc4 48. Rg5 Rxa2 49. Kc1 d2+ 0-1

[Event "Ruhrgebiet Verbandsklasse Gruppe 3 1415"]
[Site "Germany"]
[Date "2014.09.21"]
[Round "1.2"]
[White "Schuette, Tobias"]
[Black "Reichmann, Oleg"]
[Result "1-0"]
[WhiteElo "2017"]
[BlackElo "2023"]
[PlyCount "157"]
[EventDate "2014.09.21"]
[EventType "team-tourn"]
[EventRounds "9"]
[EventCountry "GER"]
[SourceTitle "EXT 2022"]
[Source "ChessBase"]
[SourceDate "2021.10.06"]
[SourceVersion "1"]
[SourceVersionDate "2021.10.06"]
[SourceQuality "1"]
[WhiteTeam "Eichlinghofen SV"]
[BlackTeam "Dortmund FS"]
[WhiteTeamCountry "GER"]
[BlackTeamCountry "GER"]

1. f4 d5 2. Nf3 Nf6 3. g3 g6 4. Bg2 Bg7 5. 0-0 0-0 6. c3 b6 7. d3 Bb7 8. Na3 c5 9. Nh4 Nc6 10. Qe1 Qd7 11. h3 Rad8 12. f5 d4 13. g4 Nd5 14. Bd2 Be5 15. Nf3 Bf4 16. Bxf4 Nxf4 17. Ng5 Nxg2 18. Kxg2 Ne5+ 19. Kh2 h6 20. Qg3 hxg5 21. Qxe5 f6 22. Qg3 Kg7 23. cxd4 Qxd4 24. Nb5 Qxb2 25. Qe3 Rd7 26. Rfb1 Qc2 27. Rb3 c4 28. Na3 cxb3 29. Nxc2 bxc2 30. Kg3 Rc7 31. Rc1 Bd5 32. a3 Rfc8 33. Qd4 Bf7 34. fxg6 Bxg6 35. h4 gxh4+ 36. Kxh4 Rc5 37. Kg3 a5 38. Kf2 Bf7 39. Qd7 R5c7 40. Qb5 Rc6 41. g5 Bg6 42. gxf6+ Rxf6+ 43. Ke3 Rfc6 44. Kd2 R8c7 45. e4 Rc8 46. Qe5+ Kf7 47. Rf1+ Rf6 48. Rxf6+ exf6 49. Qd5+ Ke8 50. Qe6+ Kd8 51. Qxf6+ Kd7 52. Qd4+ Ke7 53. Qe5+ Kd7 54. Qd5+ Ke7 55. Qb7+ Kd8 56. Qxb6+ Rc7 57. Kc1 Bf7 58. e5 Kc8 59. e6 Bh5 60. Qxa5 Bf3 61. e7 Bc6 62. Qf5+ Kb7 63. Qf8 Rc8 64. Qg7 Be8 65. Qb2+ Ka6 66. Qb4 Ka7 67. a4 Rc7 68. a5 Ka8 69. Qb6 Rb7 70. Qd8+ Rb8 71. Kxc2 Ka7 72. d4 Ba4+ 73. Kc3 Rb3+ 74. Kc4 Rb8 75. d5 Bb3+ 76. Kc5 Ba4 77. d6 Rb5+ 78. Kc4 Rb8 79. d7 1-0

[Event "NRW Verbandsklasse playoff"]
[Site "Nordrheinwestfalen"]
[Date "2014.06.22"]
[Round "3.1"]
[White "Kordonowski, Frank"]
[Black "Schuette, Tobias"]
[Result "0-1"]
[WhiteElo "1944"]
[BlackElo "2005"]
[PlyCount "78"]
[EventDate "2014.05.11"]
[EventType "team-tourn"]
[EventRounds "2"]
[EventCountry "GER"]
[SourceTitle "EXT 2020"]
[Source "ChessBase"]
[SourceDate "2019.10.17"]
[SourceVersion "1"]
[SourceVersionDate "2019.10.17"]
[SourceQuality "1"]
[WhiteTeam "Altenessen"]
[BlackTeam "Eichlinghofen SV"]
[WhiteTeamCountry "GER"]
[BlackTeamCountry "GER"]

1. d4 Nf6 2. e3 d6 3. Bd3 e5 4. c3 Be7 5. Ne2 Nbd7 6. Ng3 g6 7. 0-0 h5 8. Nd2 h4 9. Ne2 c6 10. b4 Qc7 11. Qc2 d5 12. f3 exd4 13. Nxd4 Ne5 14. f4 Nxd3 15. Qxd3 Bd7 16. e4 dxe4 17. Nxe4 0-0-0 18. Ng5 Rhf8 19. Ndf3 h3 20. Re1 Nd5 21. Qd4 Kb8 22. g3 Bf5 23. Be3 Nxe3 24. Qxe3 Bxg5 25. Nxg5 Rd3 26. Qc5 Rfd8 27. Re7 b6 28. Rxc7 bxc5 29. Rxf7 Rd2 30. Re1 Rg2+ 31. Kh1 Rdd2 32. Nf3 Rdf2 33. Nh4 Rxh2+ 34. Kg1 Bc8 35. bxc5 Rb2 36. Rb1 Rxb1+ 37. Kxh2 Rb2+ 38. Kh1 Be6 39. Rf8+ Kc7 0-1

[Event "Ruhrgebiet Verbandsliga1 1213"]
[Site "Nordrheinwestfalen"]
[Date "2013.04.28"]
[Round "9.2"]
[White "Schuette, Tobias"]
[Black "Jellinghaus, Lars"]
[Result "0-1"]
[WhiteElo "1993"]
[BlackElo "2024"]
[PlyCount "82"]
[EventDate "2012.09.02"]
[EventType "team-tourn"]
[EventRounds "9"]
[EventCountry "GER"]
[SourceTitle "EXT 2020"]
[Source "ChessBase"]
[SourceDate "2019.10.17"]
[SourceVersion "1"]
[SourceVersionDate "2019.10.17"]
[SourceQuality "1"]
[WhiteTeam "Eichlinghofen SV"]
[BlackTeam "Bochum-Linden-Dahlhausen"]
[WhiteTeamCountry "GER"]
[BlackTeamCountry "GER"]

1. f4 d5 2. Nf3 Nf6 3. g3 Bg4 4. Bg2 Nbd7 5. 0-0 Bxf3 6. Rxf3 e5 7. fxe5 Nxe5 8. Re3 Nfg4 9. Rb3 Qf6 10. d4 Nc6 11. e3 Qf2+ 12. Kh1 Na5 13. Rb5 Nc4 14. Rxd5 Qxg2+ 15. Kxg2 Ngxe3+ 16. Kf3 Nxd1 17. b3 Ncb2 18. Bxb2 Nxb2 19. Nc3 Bd6 20. Rb1 Nd3 21. cxd3 0-0-0 22. Ne4 Be7 23. Ra5 Rxd4 24. Rxa7 Kb8 25. Ra5 Rxd3+ 26. Ke2 Rhd8 27. Re5 Bf8 28. Rb2 g6 29. Rc2 b6 30. Nd2 R3d5 31. Re4 Kb7 32. Nf3 R8d7 33. Rec4 Bc5 34. g4 Re7+ 35. Kf1 f5 36. gxf5 Rxf5 37. R4c3 g5 38. Kg2 g4 39. Nh4 Rh5 40. Kg3 Re4 41. Ng2 Rh3# 0-1

[Event "Ruhrgebiet Verbandsliga1 1213"]
[Site "Nordrheinwestfalen"]
[Date "2012.11.18"]
[Round "4.2"]
[White "Schuette, Tobias"]
[Black "Schulenburg, Pit"]
[Result "0-1"]
[WhiteElo "1993"]
[BlackElo "2129"]
[PlyCount "72"]
[EventDate "2012.09.02"]
[EventType "team-tourn"]
[EventRounds "9"]
[EventCountry "GER"]
[SourceTitle "EXT 2020"]
[Source "ChessBase"]
[SourceDate "2019.10.17"]
[SourceVersion "1"]
[SourceVersionDate "2019.10.17"]
[SourceQuality "1"]
[WhiteTeam "Eichlinghofen SV"]
[BlackTeam "Dortmund FS 98"]
[WhiteTeamCountry "GER"]
[BlackTeamCountry "GER"]

1. f4 d5 2. Nf3 Nf6 3. g3 g6 4. Bg2 Bg7 5. 0-0 0-0 6. d3 Nc6 7. c3 Qd6 8. Na3 e5 9. fxe5 Nxe5 10. Nxe5 Qxe5 11. Bf4 Qe7 12. Qd2 c6 13. Nc2 h6 14. Bxh6 Bxh6 15. Qxh6 Ng4 16. Qd2 Kg7 17. e4 Rh8 18. exd5 Nxh2 19. Rf4 Bf5 20. Ne3 Bd7 21. Re1 Qg5 22. Qf2 f5 23. Nc4 Qf6 24. Ne5 Rad8 25. dxc6 Be6 26. Qxa7 g5 27. Rb4 f4 28. Rxb7+ Kg8 29. Nd7 Qf5 30. Rxe6 Qxe6 31. Bd5 Nf3+ 32. Kg2 Rh2+ 33. Kf1 Rh1+ 34. Kg2 Ne1+ 35. Kf2 Nxd3+ 36. Kf3 Qxd5+ 0-1

[Event "Ruhrgebiet Verbandsliga1 1213"]
[Site "Nordrheinwestfalen"]
[Date "2012.10.28"]
[Round "3"]
[White "Ratzmann, Stefan"]
[Black "Schuette, Tobias"]
[Result "1/2-1/2"]
[WhiteElo "1888"]
[BlackElo "1993"]
[PlyCount "72"]
[EventDate "2012.09.02"]
[EventType "team-tourn"]
[EventRounds "9"]
[EventCountry "GER"]
[SourceTitle "EXT 2020"]
[Source "ChessBase"]
[SourceDate "2019.10.17"]
[SourceVersion "1"]
[SourceVersionDate "2019.10.17"]
[SourceQuality "1"]
[WhiteTeam "Oberhausen SV III"]
[BlackTeam "Eichlinghofen SV"]
[WhiteTeamCountry "GER"]
[BlackTeamCountry "GER"]

1. d4 Nf6 2. Nf3 c5 3. d5 d6 4. Nc3 Nbd7 5. e4 g6 6. Bf4 Bg7 7. Bd3 Ng4 8. h3 Nge5 9. Nxe5 Nxe5 10. Bb5+ Nd7 11. a4 0-0 12. 0-0 f5 13. f3 h6 14. Qe2 g5 15. Bd2 f4 16. Bxd7 Bxd7 17. Nd1 Qe8 18. Bc3 Bxa4 19. Bxg7 Kxg7 20. Nc3 Bd7 21. e5 Bf5 22. Nb5 Qg6 23. exd6 exd6 24. Qe7+ Rf7 25. Qxd6 Bxc2 26. Qe5+ Qf6 27. Qxf6+ Kxf6 28. Rfc1 Bd3 29. Rxa7 Rxa7 30. Nxa7 c4 31. Nb5 Ke5 32. d6 Kd5 33. Re1 Kc6 34. Re7 Rxe7 35. dxe7 Kd7 36. Nd6 Kxe7 1/2-1/2

[Event "Ruhrgebiet VK1 1112"]
[Site "Nordrheinwestfalen"]
[Date "2012.03.25"]
[Round "8"]
[White "Fink, Norbert"]
[Black "Schuette, Tobias"]
[Result "1-0"]
[WhiteElo "2025"]
[BlackElo "1988"]
[PlyCount "65"]
[EventDate "2012.09.18"]
[EventType "team-tourn"]
[EventRounds "9"]
[EventCountry "GER"]
[SourceTitle "EXT 2020"]
[Source "ChessBase"]
[SourceDate "2019.10.17"]
[SourceVersion "1"]
[SourceVersionDate "2019.10.17"]
[SourceQuality "1"]
[WhiteTeam "Listiger Bauer Essen"]
[BlackTeam "Eichlinghofen SV"]
[WhiteTeamCountry "GER"]
[BlackTeamCountry "GER"]

1. b4 e5 2. Bb2 Bxb4 3. Bxe5 Nf6 4. e3 Nc6 5. Bb2 d5 6. Nf3 Bg4 7. Be2 0-0 8. 0-0 Re8 9. d3 Qd7 10. Nbd2 Rad8 11. Rb1 Bd6 12. Bxf6 gxf6 13. Rxb7 Kh8 14. Re1 Rg8 15. Nf1 d4 16. exd4 Rde8 17. c3 Bf4 18. Ng3 h5 19. Rb1 Ne7 20. Qb3 Nf5 21. Nxf5 Rxe2 22. Ng3 Rxe1+ 23. Nxe1 h4 24. Nf1 Be2 25. Qb7 Qg4 26. Rb2 Re8 27. Qc6 Re6 28. Qa8+ Kh7 29. Qf8 Bh6 30. Qxf7+ Bg7 31. Rb5 h3 32. Ng3 c5 33. Rxc5 1-0

[Event "Ruhrgebiet Verbandsliga2 1011"]
[Site "Nordrheinwestfalen"]
[Date "2010.10.24"]
[Round "2.4"]
[White "Pustelny Conrad, Dieter"]
[Black "Schuette, Tobias"]
[Result "0-1"]
[WhiteElo "1958"]
[BlackElo "1978"]
[PlyCount "82"]
[EventDate "2010.09.12"]
[EventType "team-tourn"]
[EventRounds "9"]
[EventCountry "GER"]
[SourceTitle "EXT 2020"]
[Source "ChessBase"]
[SourceDate "2019.10.17"]
[SourceVersion "1"]
[SourceVersionDate "2019.10.17"]
[SourceQuality "1"]
[WhiteTeam "Wattenscheid SV IV"]
[BlackTeam "Eichlinghofen SV"]
[WhiteTeamCountry "GER"]
[BlackTeamCountry "GER"]

1. e4 e6 2. d4 d5 3. Nd2 dxe4 4. Nxe4 Bd7 5. Nf3 Bc6 6. Nc3 Nd7 7. Bc4 Ngf6 8. 0-0 Be7 9. Qe2 h6 10. Re1 0-0 11. Bxe6 Bxf3 12. Qxf3 fxe6 13. Rxe6 Bd6 14. Bd2 Re8 15. d5 Rxe6 16. dxe6 Ne5 17. Qe2 Qe8 18. f4 Nc6 19. Re1 Qg6 20. Nb5 Qxc2 21. Nxd6 Qc5+ 22. Kh1 Qxd6 23. Bc3 Qxf4 24. e7 Re8 25. Qe6+ Kh7 26. Qh3 Rxe7 27. Qd3+ Kh8 28. Rf1 Qe4 29. Qg3 Qc4 30. Rf4 Qe6 31. h3 Rf7 32. Qd3 Nd5 33. Re4 Qf5 34. Re8+ Kh7 35. Qd2 Nxc3 36. Qxc3 Re7 37. Rxe7 Qf1+ 38. Kh2 Qf4+ 39. g3 Qf2+ 40. Kh1 Nxe7 41. Qxc7 Nf5 0-1